000 00277nam a22001097a 4500
999 _c529591
_d529591
082 _a658.562
100 _aPIQC
245 _aISO 9000 SYSTEM DESIGNING AND DOCUMENTATION /
_cPIQC
300 _a73 p.
942 _2ddc
_cBK